<?xml version="1.0" encoding="UTF-8"?>
<record
    xmlns:xsi="http://www.w3.org/2001/XMLSchema-instance"
    xsi:schemaLocation="http://www.loc.gov/MARC21/slim http://www.loc.gov/standards/marcxml/schema/MARC21slim.xsd"
    xmlns="http://www.loc.gov/MARC21/slim">

  <leader>01957cam a2200529 a 4500</leader>
  <datafield tag="999" ind1=" " ind2=" ">
    <subfield code="c">22843</subfield>
    <subfield code="d">22843</subfield>
  </datafield>
  <controlfield tag="001">vtls010525613</controlfield>
  <controlfield tag="005">20200129125535.0</controlfield>
  <controlfield tag="008">160610s2013    xo     g      001 0 slo  </controlfield>
  <datafield tag="020" ind1=" " ind2=" ">
    <subfield code="a">9788081560040 (bro&#x17E;.)</subfield>
  </datafield>
  <datafield tag="035" ind1=" " ind2=" ">
    <subfield code="a">43BCF432-C14C-4504-9C0F-7EB57B17794B</subfield>
  </datafield>
  <datafield tag="035" ind1=" " ind2=" ">
    <subfield code="a">urn:nbn:sk:snk-amldrh</subfield>
  </datafield>
  <datafield tag="035" ind1=" " ind2=" ">
    <subfield code="a">urn:nbn:sk:snk-am008zt7</subfield>
  </datafield>
  <datafield tag="040" ind1=" " ind2=" ">
    <subfield code="a">SVKBB</subfield>
    <subfield code="b">slo</subfield>
    <subfield code="c">SVKBB</subfield>
    <subfield code="d">SNK</subfield>
    <subfield code="e">AACR2</subfield>
  </datafield>
  <datafield tag="041" ind1="1" ind2=" ">
    <subfield code="a">slo</subfield>
    <subfield code="h">eng</subfield>
  </datafield>
  <datafield tag="044" ind1=" " ind2=" ">
    <subfield code="a">xo</subfield>
    <subfield code="c">SK</subfield>
  </datafield>
  <datafield tag="072" ind1=" " ind2="7">
    <subfield code="a">159.92</subfield>
    <subfield code="x">V&#xFD;vinov&#xE1; psychol&#xF3;gia. Psychol&#xF3;gia  osobnosti</subfield>
    <subfield code="2">konspekt</subfield>
  </datafield>
  <datafield tag="072" ind1=" " ind2="7">
    <subfield code="a">37</subfield>
    <subfield code="x">V&#xFD;chova a vzdel&#xE1;vanie</subfield>
    <subfield code="2">konspekt</subfield>
  </datafield>
  <datafield tag="080" ind1=" " ind2=" ">
    <subfield code="a">316.346.32-053.67</subfield>
    <subfield code="2">2001</subfield>
  </datafield>
  <datafield tag="080" ind1=" " ind2=" ">
    <subfield code="a">159.922.8</subfield>
    <subfield code="2">2001</subfield>
  </datafield>
  <datafield tag="080" ind1=" " ind2=" ">
    <subfield code="a">173.5/.7</subfield>
    <subfield code="2">2001</subfield>
  </datafield>
  <datafield tag="080" ind1=" " ind2=" ">
    <subfield code="a">316.356.2</subfield>
    <subfield code="2">2001</subfield>
  </datafield>
  <datafield tag="080" ind1=" " ind2=" ">
    <subfield code="a">(0.062)</subfield>
    <subfield code="2">2001</subfield>
  </datafield>
  <datafield tag="080" ind1=" " ind2=" ">
    <subfield code="a">37.03-053.2</subfield>
    <subfield code="2">2001</subfield>
  </datafield>
  <datafield tag="100" ind1="1" ind2=" ">
    <subfield code="a">Leman, Kevin,</subfield>
    <subfield code="d">1943-</subfield>
    <subfield code="9">1596</subfield>
  </datafield>
  <datafield tag="240" ind1="1" ind2="0">
    <subfield code="a">Have a New Teenager by Friday</subfield>
    <subfield code="l">Slovensky</subfield>
  </datafield>
  <datafield tag="245" ind1="1" ind2="0">
    <subfield code="a">5 dn&#xED; - a v&#xE1;&#x161; t&#xED;ned&#x17E;er bude in&#xFD;</subfield>
    <subfield code="b">od drz&#xE9;ho a n&#xE1;ladov&#xE9;ho k zdvoril&#xE9;mu a zodpovedn&#xE9;mu za 5 dn&#xED;</subfield>
    <subfield code="c">Kevin Leman ; [z anglick&#xE9;ho origin&#xE1;lu ... prelo&#x17E;ila Daniela Koronth&#xE1;ly]</subfield>
  </datafield>
  <datafield tag="246" ind1="3" ind2=" ">
    <subfield code="a">P&#xE4;&#x165; dn&#xED; - a v&#xE1;&#x161; t&#xED;ned&#x17E;er bude in&#xFD;</subfield>
  </datafield>
  <datafield tag="250" ind1=" " ind2=" ">
    <subfield code="a">1. vyd.</subfield>
  </datafield>
  <datafield tag="260" ind1=" " ind2=" ">
    <subfield code="a">Bratislava</subfield>
    <subfield code="b">Porta libri</subfield>
    <subfield code="c">2013</subfield>
  </datafield>
  <datafield tag="300" ind1=" " ind2=" ">
    <subfield code="a">277 s.</subfield>
    <subfield code="c">21 cm</subfield>
  </datafield>
  <datafield tag="650" ind1="0" ind2="7">
    <subfield code="a">adolescenti</subfield>
    <subfield code="2">SNKPH</subfield>
    <subfield code="9">1597</subfield>
  </datafield>
  <datafield tag="650" ind1="0" ind2="7">
    <subfield code="a">v&#xFD;chova die&#x165;a&#x165;a</subfield>
    <subfield code="2">SNKPH</subfield>
    <subfield code="9">1598</subfield>
  </datafield>
  <datafield tag="650" ind1="0" ind2="7">
    <subfield code="a">psychol&#xF3;gia adolescentov</subfield>
    <subfield code="2">SNKPH</subfield>
    <subfield code="9">1599</subfield>
  </datafield>
  <datafield tag="650" ind1="0" ind2="7">
    <subfield code="a">rodi&#x10D;ia a deti</subfield>
    <subfield code="2">SNKPH</subfield>
    <subfield code="9">1600</subfield>
  </datafield>
  <datafield tag="650" ind1="0" ind2="7">
    <subfield code="a">rodinn&#xE9; vz&#x165;ahy</subfield>
    <subfield code="2">SNKPH</subfield>
    <subfield code="9">1601</subfield>
  </datafield>
  <datafield tag="650" ind1="0" ind2="7">
    <subfield code="a">Adolescents</subfield>
    <subfield code="2">SNKPHeng</subfield>
    <subfield code="9">1602</subfield>
  </datafield>
  <datafield tag="650" ind1="0" ind2="7">
    <subfield code="a">Adolescent psychology</subfield>
    <subfield code="2">SNKPHeng</subfield>
    <subfield code="9">1603</subfield>
  </datafield>
  <datafield tag="650" ind1="0" ind2="7">
    <subfield code="a">Parents and children</subfield>
    <subfield code="2">SNKPHeng</subfield>
    <subfield code="9">1604</subfield>
  </datafield>
  <datafield tag="650" ind1="0" ind2="7">
    <subfield code="a">Family relations</subfield>
    <subfield code="2">SNKPHeng</subfield>
    <subfield code="9">1605</subfield>
  </datafield>
  <datafield tag="650" ind1="0" ind2="7">
    <subfield code="a">Child rearing</subfield>
    <subfield code="2">SNKPHeng</subfield>
    <subfield code="9">1606</subfield>
  </datafield>
  <datafield tag="655" ind1=" " ind2="7">
    <subfield code="a">popul&#xE1;rno-n&#xE1;u&#x10D;n&#xE9; publik&#xE1;cie</subfield>
    <subfield code="2">SNKPH</subfield>
    <subfield code="9">1486</subfield>
  </datafield>
  <datafield tag="655" ind1=" " ind2="7">
    <subfield code="a">Popular works</subfield>
    <subfield code="2">SNKPHeng</subfield>
    <subfield code="9">1487</subfield>
  </datafield>
  <datafield tag="700" ind1="1" ind2=" ">
    <subfield code="a">Koronth&#xE1;ly, Daniela</subfield>
    <subfield code="4">trl</subfield>
    <subfield code="9">1607</subfield>
  </datafield>
  <datafield tag="958" ind1=" " ind2=" ">
    <subfield code="a">NB</subfield>
  </datafield>
  <datafield tag="958" ind1=" " ind2=" ">
    <subfield code="a">OP</subfield>
  </datafield>
  <datafield tag="952" ind1=" " ind2=" ">
    <subfield code="0">0</subfield>
    <subfield code="1">0</subfield>
    <subfield code="2">udc</subfield>
    <subfield code="4">0</subfield>
    <subfield code="7">0</subfield>
    <subfield code="8">K</subfield>
    <subfield code="a">10000</subfield>
    <subfield code="b">10000</subfield>
    <subfield code="d">2020-01-29</subfield>
    <subfield code="i">21194</subfield>
    <subfield code="o">I1844</subfield>
    <subfield code="p">I1844</subfield>
    <subfield code="r">2020-01-29</subfield>
    <subfield code="w">2020-01-29</subfield>
    <subfield code="y">OLDO</subfield>
  </datafield>
</record>
